[Event "Ceske Budejovice Open-A 2019"]
[Site "Ceske Budejovice"]
[Date "2019.07.02"]
[Round "4.22"]
[White "Pavlicek, Adam"]
[Black "Vahala, Tomas"]
[Result "0-1"]
[WhiteElo "1651"]
[BlackElo "1774"]
[Annotator "NA"]
[PlyCount "68"]
[EventDate "2019.07.02"]
[EventCountry "CZE"]
[SourceTitle "playchess.com"]
[Source "ChessBase"]
[SourceQuality "1"]
[TimeControl "5400+30"]

1. d4 {[%emt 0:00:00]} d5 {[%emt 0:00:00]} 2. c4 {[%emt 0:00:00]} c6 {[%emt 0:00:04]} 3. cxd5 {[%emt 0:00:46]} cxd5 {[%emt 0:00:13]} 4. Nc3 {[%emt 0:00:24]} Nc6 {[%emt 0:00:58]} 5. Nf3 {[%emt 0:03:27]} Nf6 {[%emt 0:00:25]} 6. e3 {[%emt 0:03:14]} Bf5 {[%emt 0:03:24]} 7. a3 {[%emt 0:01:13]} h6 {[%emt 0:00:55]} 8. Bd3 {[%emt 0:04:56]} Bxd3 {[%emt 0:00:16]} 9. Qxd3 {[%emt 0:00:11]} e6 {[%emt 0:00:23]} 10. O-O {[%emt 0:01:48]} Be7 {[%emt 0:00:41]} 11. Bd2 {[%emt 0:01:34]} O-O {[%emt 0:00:49]} 12. b4 {[%emt 0:02:04]} a6 {[%emt 0:00:54]} 13. Na4 {[%emt 0:02:56]} Ne4 {[%emt 0:04:00]} 14. Nc5 {[%emt 0:02:37]} Nd6 {[%emt 0:03:19]} 15. Ne5 {[%emt 0:03:27]} Nxe5 {[%emt 0:07:40]} 16. dxe5 {[%emt 0:00:14]} Nc4 {[%emt 0:00:06]} 17. Nxb7 {[%emt 0:01:50]} Qc7 {[%emt 0:04:47]} 18. Nc5 {[%emt 0:03:48]} Nxe5 {[%emt 0:01:04]} 19. Nxa6 {[%emt 0:00:52]} Qb6 {[%emt 0:01:24]} 20. Qd4 {[%emt 0:01:35]} Qxd4 {[%emt 0:00:27]} 21. exd4 {[%emt 0:00:07]} Nc4 {[%emt 0:00:16]} 22. Nc5 {[%emt 0:06:02]} Nxd2 {[%emt 0:00:09]} 23. Rfd1 {[%emt 0:00:45]} Nc4 {[%emt 0:00:36]} 24. a4 {[%emt 0:00:16]} Rfc8 {[%emt 0:07:36]} 25. Nd3 {[%emt 0:04:03]} Bf6 {[%emt 0:15:56]} 26. Nc5 {[%emt 0:01:38]} Nb2 {[%emt 0:00:32]} 27. Rd2 {[%emt 0:00:33]} Nxa4 {[%emt 0:00:31]} 28. Nd7 {[%emt 0:07:26]} Nb6 {[%emt 0:01:58]} 29. Nxf6+ {[%emt 0:02:05]} gxf6 {[%emt 0:00:05]} 30. Rb1 {[%emt 0:01:58]} Nc4 {[%emt 0:01:09]} 31. Rd3 {[%emt 0:03:31]} Rcb8 {[%emt 0:01:15]} 32. h3 {[%emt 0:00:53]} Ra4 {[%emt 0:01:07]} 33. b5 {[%emt 0:00:49]} Ra5 {[%emt 0:00:02]} 34. b6 {[%emt 0:02:42]} Rxb6 {[%emt 0:00:29]} 0-1

[Event "Ceske Budejovice Open-A 2019"]
[Site "Ceske Budejovice"]
[Date "2019.07.02"]
[Round "4.23"]
[White "Valasek, Jakub"]
[Black "Chval, Petr"]
[Result "1/2-1/2"]
[WhiteElo "1636"]
[BlackElo "1885"]
[Annotator "NA"]
[PlyCount "62"]
[EventDate "2019.07.02"]
[EventCountry "CZE"]
[SourceTitle "playchess.com"]
[Source "ChessBase"]
[SourceQuality "1"]
[TimeControl "5400+30"]

1. e4 {[%emt 0:00:00]} c5 {[%emt 0:00:00]} 2. Nf3 {[%emt 0:00:37]} e6 {[%emt 0:00:00]} 3. Nc3 {[%emt 0:01:07]} a6 {[%emt 0:04:38]} 4. Be2 {[%emt 0:03:38]} b5 {[%emt 0:01:57]} 5. d3 Nc6 {[%emt 0:00:41]} 6. O-O {[%emt 0:02:18]} d6 {[%emt 0:00:42]} 7. Be3 {[%emt 0:04:15]} Nf6 {[%emt 0:06:38]} 8. Nd2 Be7 {[%emt 0:00:35]} 9. a3 {[%emt 0:02:31]} Nd4 {[%emt 0:02:48]} 10. Nb3 {[%emt 0:05:08]} Nxe2+ {[%emt 0:00:27]} 11. Qxe2 {[%emt 0:01:50]} Qc7 {[%emt 0:00:09]} 12. f3 {[%emt 0:06:20]} O-O {[%emt 0:03:50]} 13. Qf2 Nd7 14. d4 {[%emt 0:06:00]} cxd4 {[%emt 0:01:21]} 15. Bxd4 {[%emt 0:05:12]} Bb7 {[%emt 0:10:32]} 16. Rfe1 Rfe8 {[%emt 0:00:24]} 17. Rad1 {[%emt 0:02:59]} Rac8 {[%emt 0:04:46]} 18. Qg3 {[%emt 0:08:06]} e5 {[%emt 0:01:07]} 19. Be3 Nb6 20. Bxb6 {[%emt 0:03:44]} Qxb6+ {[%emt 0:00:36]} 21. Qf2 {[%emt 0:03:38]} Qc7 22. Kh1 {[%emt 0:01:48]} h5 {[%emt 0:14:02]} 23. Rd3 {[%emt 0:03:25]} a5 24. Na1 b4 {[%emt 0:12:24]} 25. axb4 {[%emt 0:01:55]} axb4 {[%emt 0:00:07]} 26. Nd5 {[%emt 0:03:39]} Qc5 27. Qd2 Bxd5 {[%emt 0:03:03]} 28. Rxd5 {[%emt 0:01:45]} Qb6 29. Qe2 Rc5 {[%emt 0:02:06]} 30. Red1 {[%emt 0:04:54]} Rec8 31. Rxc5 {[%emt 0:01:38]} dxc5 {[%emt 0:02:22]} 1/2-1/2

[Event "Ceske Budejovice Open-A 2019"]
[Site "Ceske Budejovice"]
[Date "2019.07.02"]
[Round "4.25"]
[White "Lauko, Marian"]
[Black "Solovyova, Anastasia"]
[Result "0-1"]
[WhiteElo "1817"]
[BlackElo "1835"]
[Annotator "NA"]
[PlyCount "52"]
[EventDate "2019.07.02"]
[EventCountry "CZE"]
[SourceTitle "playchess.com"]
[Source "ChessBase"]
[SourceQuality "1"]
[TimeControl "5400+30"]

1. d4 {[%emt 0:00:33]} f5 {[%emt 0:00:00]} 2. Nf3 {[%emt 0:00:29]} Nf6 {[%emt 0:00:38]} 3. e3 {[%emt 0:00:14]} g6 {[%emt 0:01:04]} 4. c4 {[%emt 0:01:02]} Bg7 {[%emt 0:02:14]} 5. Nc3 {[%emt 0:00:02]} d6 {[%emt 0:02:07]} 6. g3 {[%emt 0:00:45]} O-O {[%emt 0:02:52]} 7. Bg2 {[%emt 0:00:02]} c6 {[%emt 0:02:44]} 8. O-O {[%emt 0:00:09]} Qe8 {[%emt 0:02:49]} 9. c5 {[%emt 0:02:46]} dxc5 {[%emt 0:11:03]} 10. dxc5 {[%emt 0:02:50]} e5 {[%emt 0:01:09]} 11. b4 {[%emt 0:01:15]} a5 {[%emt 0:11:14]} 12. Na4 {[%emt 0:08:59]} e4 {[%emt 0:12:54]} 13. Nd4 {[%emt 0:00:34]} Nd5 {[%emt 0:00:23]} 14. Nb6 {[%emt 0:05:44]} Nxb6 {[%emt 0:03:29]} 15. cxb6 {[%emt 0:00:27]} axb4 {[%emt 0:00:21]} 16. Qb3+ {[%emt 0:00:28]} Qf7 {[%emt 0:02:31]} 17. Qxb4 {[%emt 0:01:32]} Na6 {[%emt 0:00:35]} 18. Qd6 {[%emt 0:05:07]} c5 {[%emt 0:00:55]} 19. Nb3 {[%emt 0:04:38]} Bxa1 {[%emt 0:00:08]} 20. Nxa1 {[%emt 0:00:05]} Qf6 {[%emt 0:00:53]} 21. Qd5+ {[%emt 0:01:34]} Be6 {[%emt 0:01:23]} 22. Qd2 {[%emt 0:00:50]} Rad8 {[%emt 0:10:54]} 23. Qc2 {[%emt 0:02:08]} Nb4 {[%emt 0:03:10]} 24. Qxc5 {[%emt 0:01:33]} Nd3 {[%emt 0:00:10]} 25. Qc2 {[%emt 0:12:45]} Qxa1 {[%emt 0:01:06]} 26. Ba3 {[%emt 0:00:39]} Qxa2 {[%emt 0:01:50]} 0-1

[Event "Ceske Budejovice Open-A 2019"]
[Site "Ceske Budejovice"]
[Date "2019.07.03"]
[Round "5.2"]
[White "Barrish, Daniel"]
[Black "Mirzoev, Azer"]
[Result "0-1"]
[WhiteElo "2237"]
[BlackElo "2474"]
[Annotator "ChessBase"]
[PlyCount "70"]
[EventDate "2019.07.02"]
[EventCountry "CZE"]
[SourceTitle "playchess.com"]
[Source "ChessBase"]
[SourceQuality "1"]
[TimeControl "5400+30"]

1. d4 {[%emt 0:00:00]} d5 {[%emt 0:00:36]} 2. c4 {[%emt 0:00:00]} e6 {[%emt 0:00:03]} 3. Nf3 {[%emt 0:00:00]} a6 {[%emt 0:00:07]} 4. e3 {[%emt 0:08:36]} Nf6 {[%emt 0:00:08]} 5. b3 {[%emt 0:02:15]} c5 {[%emt 0:00:29]} 6. Bb2 {[%emt 0:02:58]} cxd4 {[%emt 0:00:16]} 7. Nxd4 {[%emt 0:05:59]} Bb4+ {[%emt 0:00:23]} 8. Bc3 {[%emt 0:02:15]} Bd6 {[%emt 0:00:06]} 9. Nf3 {[%emt 0:05:01]} O-O {[%emt 0:04:25]} 10. Nbd2 {[%emt 0:00:27]} Nc6 {[%emt 0:02:00]} 11. Be2 {[%emt 0:01:20]} e5 {[%emt 0:02:49]} 12. cxd5 {[%emt 0:03:13]} Nxd5 {[%emt 0:00:08]} 13. Bb2 {[%emt 0:13:24]} Re8 {[%emt 0:01:11]} 14. e4 {[%emt 0:03:37]} Nf4 {[%emt 0:01:16]} 15. O-O {[%emt 0:00:11]} Bg4 {[%emt 0:01:05]} 16. Nc4 {[%emt 0:05:37]} Bc5 {[%emt 0:01:22]} 17. Ne3 {[%emt 0:12:55]} Bxe3 {[%emt 0:06:08]} 18. fxe3 {[%emt 0:00:04]} Qb6 {[%emt 0:00:11]} 19. Bc1 {[%emt 0:03:35]} Rad8 {[%emt 0:01:31]} 20. Qe1 {[%emt 0:00:05]} Nb4 {[%emt 0:16:21]} 21. Qf2 {[%emt 0:00:04]} Nbd3 {[%emt 0:01:28]} 22. Bxd3 {[%emt 0:00:14]} Nxd3 {[%emt 0:00:04]} 23. Qg3 {[%emt 0:01:45]} Nxc1 {[%emt 0:07:19]} 24. Raxc1 {[%emt 0:00:03]} Qxe3+ {[%emt 0:00:10]} 25. Kh1 {[%emt 0:00:22]} Qf4 {[%emt 0:02:33]} 26. Qe1 {[%emt 0:03:22]} Rd3 {[%emt 0:09:15]} 27. Rc3 {[%emt 0:06:04]} Rxc3 {[%emt 0:03:28]} 28. Qxc3 {[%emt 0:00:03]} h6 {[%emt 0:06:46]} 29. Nd2 {[%emt 0:04:22]} Qg5 {[%emt 0:00:13]} 30. h3 {[%emt 0:01:00]} Rc8 {[%emt 0:01:32]} 31. Nc4 {[%emt 0:04:26]} Be6 {[%emt 0:01:26]} 32. Qb4 {[%emt 0:03:55]} b5 {[%emt 0:00:37]} 33. Na3 {[%emt 0:02:04]} Rd8 {[%emt 0:02:23]} 34. Nb1 {[%emt 0:03:30]} Rd3 {[%emt 0:01:25]} 35. Kh2 {[%emt 0:02:36]} Qg3+ {[%emt 0:02:04]} 0-1

[Event "Ceske Budejovice Open-A 2019"]
[Site "Ceske Budejovice"]
[Date "2019.07.03"]
[Round "5.3"]
[White "Nagy, Gabor"]
[Black "Sykora, Ondrej"]
[Result "1-0"]
[WhiteElo "2474"]
[BlackElo "2065"]
[Annotator "TA"]
[PlyCount "153"]
[EventDate "2019.07.02"]
[EventCountry "CZE"]
[SourceTitle "playchess.com"]
[Source "ChessBase"]
[SourceQuality "1"]

{[%evp 9,153,-19,-6,-6,-15,-15,-12,-20,-10,-11,0,0,0,-3,0,-17,0,0,10,0,14,10,24,24,18,13,8,7,22,21,25,25,36,23,21,32,43,17,60,62,57,58,61,55,52,65,123,123,123,131,226,222,219,215,218,222,297,204,315,289,301,204,241,97,88,98,83,82,123,61,64,43,43,50,50,57,105,0,0,0,0,0,33,0,8,0,117,4,62,62,62,4,4,4,4,4,4,4,4,4,4,4,8,8,8,8,8,8,8,8,1088,884,29976,29976,29970,29971,29971,29972,29972,29973,29973,29974,29974,29975,29974,29976,29976,29977,29977,29978,29979,29980,29981,29982,29985,29986,29986,29987,29987,29988,29988,29989,29989,29990,29991,29992]} 1. Nf3 d5 2. c4 c6 3. Qa4 e6 4. g3 (4. d3 Nf6 5. cxd5 exd5 6. e4 dxe4 7. dxe4 Bc5 8. Qc2 Qa5+ 9. Bd2 Qb6 10. Bf4 {0-1 (28) Cicak,S (2566)-Berczes,D (2583) Sweden 2012}) 4... Nd7 5. cxd5 exd5 6. Bg2 {A11: English Opening: 1...c6} Ngf6 7. O-O Bd6 8. d3 {The position is equal.} O-O 9. Nc3 Re8 $146 ({Predecessor:} 9... a5 10. Qc2 b5 11. e4 b4 {0-1 (94) Reppen,T (1466)-Strand,O (1865) Oslo 2015}) 10. Qc2 Ne5 11. Nxe5 Bxe5 12. e4 dxe4 13. dxe4 Qe7 14. Re1 Be6 15. h3 Red8 16. Be3 Bd4 17. f4 Bxe3+ 18. Rxe3 Rd4 19. Rae1 Rad8 20. Qf2 Rd2 21. R1e2 Rxe2 22. Rxe2 Bc4 23. Re1 Qb4 24. e5 Ne8 25. Re4 $36 {[%mdl 2048] White is pushing.} f5 $1 {[%cal Rf5e4]} 26. Rd4 Rxd4 27. Qxd4 Qb6 (27... a5 $1 $14) 28. Qxb6 $16 axb6 {[%mdl 4096] Endgame KBN-KBN} 29. b3 Bd3 (29... Be6 $16 {keeps fighting.}) 30. Kf2 $1 $18 Nc7 31. Ke3 Bb5 32. g4 g6 33. gxf5 gxf5 34. h4 Kf7 35. Bh3 Ke6 36. Ne4 (36. a4 $18 {has better winning chances.} Ba6 37. Kd4) 36... Nd5+ $16 37. Kf3 h6 38. Nd6 Bd3 39. Nxb7 (39. Bg2 $16) 39... Be4+ $14 40. Kg3 Nc3 $1 {[%cal Rc3e2]} 41. Bf1 Nxa2 42. Nd6 {Strongly threatening Bc4+.} Nc3 43. Bc4+ (43. Ba6 $16) 43... Bd5 $11 44. Ba6 Ne4+ 45. Nxe4 Bxe4 {KB-KB} (45... fxe4 {is more complex.} 46. Bc8+ Kf7 47. Bg4 Bxb3 48. f5 Bd5) 46. Kf2 Kd7 {White must now prevent ...b5.} 47. Ke3 c5 (47... b5 $11) 48. Kd2 (48. b4 $1 $16 {[%cal Rb4c5] Threatens to win with bxc5.} cxb4 49. Bb5+ Ke7 50. Kd4) 48... Bd5 (48... Kc6 $11) 49. Kc3 $14 Kc6 $1 50. Bd3 ({Better is} 50. Bc8 $14 Be4 51. b4) 50... Be6 $11 51. Bc4 Bc8 $1 52. Bf7 b5 53. b4 {Black should prevent e6.} c4 54. Kd4 Kd7 55. Kc5 Ke7 56. Bh5 Bb7 57. Kxb5 c3 58. Bd1 Be4 59. Kb6 {aiming for b5.} Kd8 $2 {[%mdl 8192] [#]} (59... c2 $11 60. Bxc2 Bxc2) 60. b5 $1 $18 {[%cal Bb4b5,Bb5b6][%mdl 32]} c2 {[#]} 61. Bxc2 $1 {[%mdl 512] White mates.} Bxc2 {[#] KB-KP} 62. Ka7 $1 Be4 63. b6 Kc8 64. e6 Bc6 65. e7 Kd7 66. b7 Bxb7 67. Kxb7 Kxe7 {KPP-KPP} 68. Kc6 Ke6 69. Kc5 Kf6 70. Kd6 Kg6 71. Ke5 Kh5 72. Kxf5 Kxh4 73. Kg6 Kg4 74. f5 h5 75. f6 h4 76. f7 h3 77. f8=Q {Accuracy: White = 74%, Black = 40%.} 1-0

[Event "Ceske Budejovice Open-A 2019"]
[Site "Ceske Budejovice"]
[Date "2019.07.03"]
[Round "5.4"]
[White "Richterova, Natasa"]
[Black "Voloshin, Leonid"]
[Result "1/2-1/2"]
[WhiteElo "2179"]
[BlackElo "2376"]
[Annotator "NA"]
[PlyCount "46"]
[EventDate "2019.07.02"]
[EventCountry "CZE"]
[SourceTitle "playchess.com"]
[Source "ChessBase"]
[SourceQuality "1"]
[TimeControl "5400+30"]

1. e4 {[%emt 0:00:00]} d6 {[%emt 0:00:00]} 2. d4 {[%emt 0:00:00]} Nf6 {[%emt 0:00:00]} 3. Nc3 {[%emt 0:00:03]} g6 {[%emt 0:00:00]} 4. h3 {[%emt 0:05:28]} Bg7 {[%emt 0:00:53]} 5. Nf3 {[%emt 0:00:15]} O-O {[%emt 0:00:39]} 6. Bc4 {[%emt 0:12:35]} c6 {[%emt 0:05:12]} 7. a4 {[%emt 0:02:09]} d5 {[%emt 0:13:58]} 8. Bd3 {[%emt 0:10:37]} dxe4 {[%emt 0:03:55]} 9. Nxe4 {[%emt 0:00:58]} Nxe4 {[%emt 0:01:31]} 10. Bxe4 {[%emt 0:00:10]} c5 {[%emt 0:17:26]} 11. dxc5 {[%emt 0:21:17]} Qa5+ {[%emt 0:02:04]} 12. Qd2 {[%emt 0:05:21]} Qxc5 {[%emt 0:01:11]} 13. O-O {[%emt 0:00:07]} Qc7 {[%emt 0:03:49]} 14. c3 {[%emt 0:02:25]} Nd7 {[%emt 0:02:41]} 15. Qe2 {[%emt 0:04:27]} Nc5 {[%emt 0:05:21]} 16. Bc2 {[%emt 0:00:10]} e5 {[%emt 0:03:15]} 17. Re1 {[%emt 0:05:42]} f6 {[%emt 0:06:05]} 18. Be3 {[%emt 0:05:27]} Be6 {[%emt 0:04:35]} 19. Qb5 {[%emt 0:00:24]} Na6 {[%emt 0:05:44]} 20. Bb3 {[%emt 0:03:44]} Bxb3 {[%emt 0:00:49]} 21. Qxb3+ {[%emt 0:03:34]} Qf7 {[%emt 0:08:59]} 22. Qb5 {[%emt 0:02:31]} Nb8 {[%emt 0:02:59]} 23. Nd2 {[%emt 0:06:22]} Rd8 {[%emt 0:05:14]} 1/2-1/2

[Event "Ceske Budejovice Open-A 2019"]
[Site "Ceske Budejovice"]
[Date "2019.07.03"]
[Round "5.5"]
[White "Velicka, Petr"]
[Black "Glimbrant, Torbjorn"]
[Result "1-0"]
[WhiteElo "2428"]
[BlackElo "2195"]
[Annotator "NA RC"]
[PlyCount "79"]
[EventDate "2019.07.02"]
[EventCountry "CZE"]
[SourceTitle "playchess.com"]
[Source "ChessBase"]
[SourceQuality "1"]
[TimeControl "5400+30"]

1. e4 {[%emt 0:00:00]} e5 {[%emt 0:00:00]} 2. Nf3 {[%emt 0:00:30]} Nc6 {[%emt 0:00:00]} 3. Bb5 {[%emt 0:00:03]} a6 {[%emt 0:00:01]} 4. Ba4 {[%emt 0:00:04]} d6 {[%emt 0:00:37]} 5. c3 {[%emt 0:01:11]} Bd7 {[%emt 0:00:24]} 6. O-O {[%emt 0:00:25]} Nge7 {[%emt 0:00:35]} 7. d4 {[%emt 0:01:08]} Ng6 {[%emt 0:00:47]} 8. Nbd2 {[%emt 0:04:07]} Be7 {[%emt 0:03:24]} 9. Re1 {[%emt 0:01:19]} h6 {[%emt 0:01:08]} 10. Nf1 {[%emt 0:01:07]} Bg5 {[%emt 0:01:45]} 11. Ne3 {[%emt 0:01:46]} Bxe3 {[%emt 0:08:51]} 12. Bxe3 {[%emt 0:00:19]} O-O {[%emt 0:00:48]} 13. h3 {[%emt 0:01:11]} Re8 {[%emt 0:18:33]} 14. Bc2 {[%emt 0:02:47]} Qf6 {[%emt 0:12:26]} 15. dxe5 {[%emt 0:06:08]} Ncxe5 {[%emt 0:01:27]} 16. Nxe5 {[%emt 0:00:13]} Nxe5 {[%emt 0:01:19]} 17. f4 {[%emt 0:02:00]} Nc4 {[%emt 0:04:24]} 18. Bc1 {[%emt 0:02:23]} Qh4 {[%emt 0:00:32]} 19. b3 {[%emt 0:01:42]} Nb6 {[%emt 0:03:02]} 20. Re2 {[%emt 0:09:11]} Bc6 {[%emt 0:05:02]} 21. Bd2 {[%emt 0:01:39]} Nd7 {[%emt 0:06:03]} 22. Qe1 {[%emt 0:02:18]} Qxe1+ {[%emt 0:00:11]} 23. Raxe1 {[%emt 0:00:15]} a5 {[%emt 0:06:56]} 24. c4 {[%emt 0:04:07]} b6 {[%emt 0:03:53]} 25. Bc3 {[%emt 0:01:38]} f6 {[%emt 0:03:28]} 26. g3 {[%emt 0:01:23]} Re7 {[%emt 0:01:52]} 27. a3 {[%emt 0:03:43]} Kf8 {[%emt 0:03:12]} 28. Kf2 {[%emt 0:00:24]} Rae8 {[%emt 0:03:52]} 29. Re3 {[%emt 0:06:43]} Nc5 {[%emt 0:03:41]} 30. e5 {[%emt 0:00:21]} fxe5 {[%emt 0:03:54]} 31. fxe5 {[%emt 0:01:57]} dxe5 {[%emt 0:00:36]} 32. Bxe5 {[%emt 0:06:28]} Be4 {[%emt 0:01:33]} 33. b4 {[%emt 0:01:52]} axb4 {[%emt 0:01:36]} 34. axb4 {[%emt 0:00:06]} Nd7 {[%emt 0:00:35]} 35. Bxc7 {[%emt 0:00:45]} Bxc2 {[%emt 0:00:28]} 36. Rxe7 {[%emt 0:01:05]} Rxe7 {[%emt 0:00:07]} 37. Bd6 {[%emt 0:00:06]} Bf5 {[%emt 0:00:20]} 38. g4 {[%emt 0:02:52]} Bd3 {[%emt 0:00:52]} 39. Rxe7 {[%emt 0:00:14]} Nf6 {[%emt 0:00:12]} 40. Re3+ {[%emt 0:00:08]} 1-0

[Event "Ceske Budejovice Open-A 2019"]
[Site "Ceske Budejovice"]
[Date "2019.07.03"]
[Round "5.6"]
[White "Vltavsky, Vladimir"]
[Black "Plischki, Sebastian"]
[Result "1/2-1/2"]
[WhiteElo "2179"]
[BlackElo "2420"]
[Annotator "NA"]
[PlyCount "113"]
[EventDate "2019.07.02"]
[EventCountry "CZE"]
[SourceTitle "playchess.com"]
[Source "ChessBase"]
[SourceQuality "1"]
[TimeControl "5400+30"]

1. Nf3 {[%emt 0:00:40]} c5 {[%emt 0:00:00]} 2. b3 {[%emt 0:00:55]} d6 {[%emt 0:00:30]} 3. Bb2 {[%emt 0:00:10]} e5 {[%emt 0:00:20]} 4. e4 {[%emt 0:01:25]} Nf6 {[%emt 0:00:21]} 5. d3 {[%emt 0:01:09]} Nc6 {[%emt 0:00:25]} 6. h3 {[%emt 0:01:04]} g6 {[%emt 0:00:40]} 7. g3 {[%emt 0:00:22]} Bg7 {[%emt 0:00:12]} 8. Bg2 {[%emt 0:00:04]} O-O {[%emt 0:00:12]} 9. O-O {[%emt 0:00:03]} Re8 {[%emt 0:03:57]} 10. c4 {[%emt 0:07:17]} a6 {[%emt 0:01:19]} 11. Nc3 {[%emt 0:00:34]} Rb8 {[%emt 0:00:13]} 12. a4 {[%emt 0:09:41]} Bd7 {[%emt 0:01:23]} 13. Bc1 {[%emt 0:02:46]} h6 {[%emt 0:01:36]} 14. Bd2 {[%emt 0:00:50]} Kh7 {[%emt 0:04:33]} 15. Ne1 {[%emt 0:03:17]} Nd4 {[%emt 0:07:34]} 16. Ne2 {[%emt 0:03:00]} Nxe2+ {[%emt 0:06:13]} 17. Qxe2 {[%emt 0:00:14]} b5 {[%emt 0:00:09]} 18. axb5 {[%emt 0:00:28]} axb5 {[%emt 0:00:06]} 19. Nc2 {[%emt 0:03:45]} Qb6 {[%emt 0:04:00]} 20. Bc3 {[%emt 0:03:36]} Ra8 {[%emt 0:02:13]} 21. Rfb1 {[%emt 0:04:06]} Reb8 {[%emt 0:03:51]} 22. Qd1 {[%emt 0:03:43]} Bc6 {[%emt 0:05:33]} 23. Rxa8 {[%emt 0:04:07]} Rxa8 {[%emt 0:00:18]} 24. Ra1 {[%emt 0:01:55]} bxc4 {[%emt 0:02:57]} 25. Rxa8 {[%emt 0:01:26]} Bxa8 {[%emt 0:00:14]} 26. bxc4 {[%emt 0:00:05]} Qb3 {[%emt 0:01:30]} 27. Ba5 {[%emt 0:01:49]} Qa2 {[%emt 0:04:06]} 28. Qd2 {[%emt 0:04:36]} h5 {[%emt 0:03:36]} 29. Ne3 {[%emt 0:01:27]} Qxd2 {[%emt 0:05:25]} 30. Bxd2 {[%emt 0:00:09]} Bh6 {[%emt 0:00:09]} 31. Kf1 {[%emt 0:02:25]} h4 {[%emt 0:01:59]} 32. g4 {[%emt 0:04:10]} Ne8 {[%emt 0:02:33]} 33. Ba5 {[%emt 0:00:40]} Bg5 {[%emt 0:03:56]} 34. Nd5 {[%emt 0:01:22]} Bxd5 {[%emt 0:01:55]} 35. cxd5 {[%emt 0:00:07]} Kg7 {[%emt 0:01:30]} 36. Bf3 {[%emt 0:00:34]} Kf8 {[%emt 0:02:14]} 37. Ke1 {[%emt 0:03:25]} Ke7 {[%emt 0:01:52]} 38. Kd1 {[%emt 0:01:20]} Kd7 {[%emt 0:01:50]} 39. Kc2 {[%emt 0:01:23]} Nc7 {[%emt 0:01:17]} 40. Bxc7 {[%emt 0:00:49]} Kxc7 {[%emt 0:00:06]} 41. Kc3 {[%emt 0:01:09]} Kd7 {[%emt 0:03:54]} 42. Bd1 {[%emt 0:00:16]} Ke7 {[%emt 0:01:56]} 43. Ba4 {[%emt 0:00:22]} Bf4 {[%emt 0:00:32]} 44. Kc2 {[%emt 0:00:25]} Bg3 {[%emt 0:01:32]} 45. f3 {[%emt 0:02:34]} Kf6 {[%emt 0:03:34]} 46. Kd2 {[%emt 0:00:20]} Kg5 {[%emt 0:00:38]} 47. Ke2 {[%emt 0:00:26]} Bf4 {[%emt 0:00:31]} 48. Be8 {[%emt 0:05:45]} f6 {[%emt 0:00:06]} 49. Kf2 {[%emt 0:01:02]} Bc1 {[%emt 0:00:12]} 50. Bb5 {[%emt 0:00:17]} Kf4 {[%emt 0:02:05]} 51. Ba6 {[%emt 0:00:21]} Be3+ {[%emt 0:00:58]} 52. Kg2 {[%emt 0:00:09]} Bd4 {[%emt 0:00:33]} 53. Bb5 {[%emt 0:00:42]} f5 {[%emt 0:01:28]} 54. gxf5 {[%emt 0:01:21]} gxf5 {[%emt 0:00:07]} 55. Ba6 {[%emt 0:00:26]} fxe4 {[%emt 0:01:09]} 56. fxe4 {[%emt 0:00:09]} Ke3 {[%emt 0:00:45]} 57. Bb5 1/2-1/2